[Event "Olympiad-44"]
[Site "Chennai"]
[Date "2022.08.07"]
[Round "9.3"]
[White "Al Burshaid, Ebrahim"]
[Black "Kassis, Antoine"]
[Result "1/2-1/2"]
[WhiteElo "1702"]
[BlackElo "2202"]
[PlyCount "108"]
[EventDate "2022.07.29"]
[EventType "team-swiss"]
[EventRounds "11"]
[EventCountry "IND"]
[SourceTitle "CBM 210"]
[Source "ChessBase"]
[SourceDate "2022.10.31"]
[SourceVersion "1"]
[SourceVersionDate "2022.10.31"]
[SourceQuality "1"]
[WhiteTeam "Bahrain"]
[BlackTeam "Lebanon"]
[WhiteTeamCountry "BHN"]
[BlackTeamCountry "LBN"]

1. e4 c5 2. Nf3 d6 3. d4 cxd4 4. Nxd4 Nf6 5. Nc3 Nc6 6. Bg5 e6 7. Qd2 a6 8. 0-0-0 Bd7 9. Kb1 h6 10. Bxf6 Qxf6 11. Nb3 g5 12. f3 Qd8 13. Qf2 Qc7 14. h4 gxh4 15. Rxh4 b5 16. f4 Rc8 17. Re1 Be7 18. Rh5 Na5 19. Qd4 Rf8 20. Bd3 Nxb3 21. cxb3 Rg8 22. Rxh6 Qc5 23. Qxc5 Rxc5 24. Bf1 Rg4 25. Rh8+ Bf8 26. b4 Rc8 27. Nd5 exd5 28. exd5+ Be6 29. dxe6 fxe6 30. Rxe6+ Kf7 31. Rxd6 Rxf4 32. Rd1 Rxb4 33. Bd3 Rxb2+ 34. Kxb2 Bg7+ 35. Kb1 Bxh8 36. Be4 Rc5 37. g4 Ke7 38. Bf5 Be5 39. Bc2 Rc4 40. Bf5 Rb4+ 41. Kc1 Rc4+ 42. Kb1 Kf6 43. Re1 a5 44. Bd7 Rd4 45. g5+ Ke7 46. Rxe5+ Kxd7 47. Rxb5 a4 48. g6 Rg4 49. Rb6 Kc7 50. Rf6 Rg2 51. a3 Kb7 52. Rf7+ Kb6 53. g7 Kc5 54. Kc1 Kc4 1/2-1/2

[Event "Arab Clubs-chT"]
[Site "Sharjah"]
[Date "2018.02.11"]
[Round "7.2"]
[White "Al Burshaid, Ebrahim"]
[Black "Othman, A Moussa"]
[Result "0-1"]
[WhiteElo "1714"]
[BlackElo "2255"]
[PlyCount "76"]
[EventDate "2018.02.06"]
[EventType "team-tourn"]
[EventRounds "9"]
[EventCountry "UAE"]
[SourceTitle "CBM 182 Extra"]
[Source "ChessBase"]
[SourceDate "2018.02.23"]
[SourceVersion "1"]
[SourceVersionDate "2018.02.23"]
[SourceQuality "1"]
[WhiteTeam "Al Bahrain"]
[BlackTeam "Dubai Chess & Culture"]
[WhiteTeamCountry "BHN"]
[BlackTeamCountry "UAE"]

1. e4 c6 2. d4 d5 3. Nc3 dxe4 4. Nxe4 Bf5 5. Ng3 Bg6 6. h4 h6 7. Nf3 e6 8. h5 Bh7 9. Bd3 Bxd3 10. Qxd3 c5 11. Qb5+ Qd7 12. Qxd7+ Nxd7 13. Ne4 Ngf6 14. Nxf6+ Nxf6 15. dxc5 Bxc5 16. Ne5 Rc8 17. c3 Rd8 18. Ke2 Rd5 19. f4 0-0 20. Be3 Bxe3 21. Kxe3 Rfd8 22. g4 Ne8 23. Rh2 f6 24. Nc4 b5 25. Na3 Nd6 26. Rc2 f5 27. Rg1 Ne4 28. gxf5 exf5 29. Rcg2 Rd3+ 30. Ke2 Rd2+ 31. Ke1 Rd1+ 32. Ke2 Rxg1 33. Rxg1 Rd2+ 34. Ke3 Rxb2 35. Kd4 a6 36. Ke5 Rxa2 37. Kxf5 Nxc3 38. Nxb5 axb5 0-1

[Event "Arab Clubs-chT"]
[Site "Sharjah"]
[Date "2018.02.10"]
[Round "6.2"]
[White "Ahmad, Al Khatib"]
[Black "Al Burshaid, Ebrahim"]
[Result "1-0"]
[WhiteElo "2315"]
[BlackElo "1714"]
[PlyCount "31"]
[EventDate "2018.02.06"]
[EventType "team-tourn"]
[EventRounds "9"]
[EventCountry "UAE"]
[SourceTitle "CBM 182 Extra"]
[Source "ChessBase"]
[SourceDate "2018.02.23"]
[SourceVersion "1"]
[SourceVersionDate "2018.02.23"]
[SourceQuality "1"]
[WhiteTeam "Amman"]
[BlackTeam "Al Bahrain"]
[WhiteTeamCountry "JOR"]
[BlackTeamCountry "BHN"]

1. e4 e5 2. Nf3 Nc6 3. Bb5 a6 4. Ba4 Nf6 5. Qe2 b5 6. Bb3 Bc5 7. c3 0-0 8. 0-0 d6 9. Rd1 Bb6 10. d3 Qe7 11. Bg5 Nd8 12. Nh4 h6 13. Ng6 Qe8 14. Bxf6 gxf6 15. Qf3 Kg7 16. Nxf8 1-0